000
00228nam a22001097a 4500
082
_a
823
_b
PAI/P
100
_a
PAI, ANAND
245
_a
PANCHATANTRA
246
_a
PANCHATANTRA
_b
PANCHATANTRA
650
_a
ENGLISH STORY
942
_c
BK
999
_c
8777
_d
8777